000 00363nam a2200121 4500
999 _c9934
_d9934
008 180723b ||||| |||| 00| 0 eng d
100 _929333
_aMedenilla, Samuel P.
245 _aDOT enhances eco-friendly resorts program/
_cSamuel P. Medenilla
260 _aPhilippines
_bManila Bulletin
_cc2016
300 _apage 7.
650 0 _929335
_aTourism.
942 _2ddc
_cPER